Top 10 des pays les moins peuplés - Statistiques

Statistiques générales
  • Ce quiz a été pris 453 fois
  • Le résultat moyen est 6 sur 10
Statistiques - réponses
Classement Pays % Correct
1 Vatican
91%
6 Monaco
79%
5 Saint-Marin
74%
7 Liechtenstein
64%
3 Les Tuvalu
55%
2 Nauru
53%
8 Saint-Christophe-et-Niévès
40%
9 Les îles Marshall
38%
4 Les Palaos
37%
10 La Dominique
25%
Aucun quiz correspondant
Distribution des résultats
% des personnes avec chaque résultat
Percentile par nombre de réponses
Votre historique - résultats
Vous n’avez pas pris ce quiz